00856nam a2200217 a 4500001001000000003000400010005001700014008004100031040002500072082002100097100003600118245006700154260006200221300003500283590002700318600005900345910003700404942001300441952016700454999001700621000031442OSt20240229073937.0110622s1939 dr c r 000 | spa d aDO-SdBNPbspacBNPHU 4a923.17293bT866O1 aOrtiz Álvarez, Horacio95784313aEl condor bajo cielos de América /cHoracio Ortiz Álvarez. aCiudad Trujillo, República Dominicana :b[s.n.],c1939. a135 p. :bil., retr. ;c22 cm. aInventariado, 2018/ YL10aTrujillo Molina, Rafael Leónidas,d 1891-1961976764 aValidado. Control de calidad MFF 2ddccLF2 00102ddc718RVaPDbPDcCTd2011-06-22iLF1l0o923.17293 T866Op31442-10r2020-06-25w2020-06-25y1zPerteneció a la biblioteca personal de Martínez Boog. c30934d30934